00000000nam 2200000zi 4500
0019.945092
003CaOODSP
00520250131153851
006m     o  d f      
007cr cn ||||||||
008241112t20252025qucd    obs  f000 0 eng d
020 |a9780660744582
040 |aCaOODSP|beng|erda|cCaOODSP
043 |an-cn---
0861 |aEn4-144/83-2024E-PDF
24500|aCanadian environmental sustainability indicators : |bchanges in the status of wildlife species at risk.
24630|aChanges in the status of wildlife species at risk
250 |a[January 2025 edition].
264 1|aGatineau QC : |bEnvironment and Climate Change Canada = Environnement et changement climatique Canada, |cJanuary 2025.
264 4|c©2025
300 |a1 online resource (13 pages) : |bcharts
336 |atext|btxt|2rdacontent
337 |acomputer|bc|2rdamedia
338 |aonline resource|bcr|2rdacarrier
500 |aIssued also in French under title: Indicateurs canadiens de durabilité de l'environnement : changement de statut des espèces sauvages en péril.
504 |aIncludes bibliographical references.
650 0|aEndangered species|zCanada|vStatistics.
650 0|aEnvironmental indicators|zCanada.
655 7|aStatistics|2lcgft
7101 |aCanada. |bEnvironment and Climate Change Canada, |eissuing body.
77508|tIndicateurs canadiens de durabilité de l'environnement : |w(CaOODSP)9.945091
795 |tCanadian environmental sustainability indicators : |b[December 2023 edition]|w(CaOODSP)9.929439
85640|qPDF|s349 KB|uhttps://publications.gc.ca/collections/collection_2025/eccc/en4/En4-144-83-2024-eng.pdf
8564 |qHTML|sN/A|uhttps://www.canada.ca/en/environment-climate-change/services/environmental-indicators/changes-status-wildlife-species-risk.html